000 00405nam a2200133Ia 4500
008 100328s9999 xx 000 0 und d
082 _b8193
100 _aआपटे ह.ना.
245 _aप्रश्नोपनिषते
260 _bआनंदाश्रम
630 _aप्रश्नोपनिषते
730 _aप्रश्नोपनिषते
942 _cBOOK
999 _c503985
_d503982